Estatísticas para Quiz da Arábia Saudita

Clique aqui para jogar o quiz

Estatísticas Gerais

  • Esse quiz foi jogado 1 524 vezes
    (1 373 desde o último reset)
  • A pontuação média é 10 de 20

Estatísticas das Respostas

DicaResposta% Correto
Língua oficialÁrabe
92%
Religião oficialSunismo (Islã)
85%
CapitalRiade
80%
Tipo de exportação principalÓleo
78%
Mares e golfos que a Arábia Saudita
fazem fronteira
Mar {Vermelho}
72%
Cidade mais santaMeca
70%
Terrorista que perdeu sua cidadania
em 1994
Osama bin Laden
66%
O que aparece na bandeira saudita
(excluindo a escrita)
Espada
65%
Mares e golfos que a Arábia Saudita
fazem fronteira
Golfo {Persa}
64%
Era ilegal para mulheres fazerem isso
(até 2017)
Dirigir
59%
A constituição é oficialmente
este documento
Alcorão
57%
Animal nacionalCamelo
46%
Segunda cidade mais santaMedina
45%
Porto na costa oesteJidá
32%
Moeda oficialRial
31%
Família realCasa de Saud
27%
Monarca atualSalman
20%
Monarca anterior (faleceu em 2015)Abdullah
15%
Porto na costa lesteDamã
14%
Mares e golfos que a Arábia Saudita
fazem fronteira
Golfo de {Aqaba}
12%

Distribuição das Pontuações

Percentil de Números Respondidos

Porcentagem de Pessoas com Cada Pontuação

Sua Pontuação Histórica

Você não jogou esse quiz desde o último reset